Statystyki dla Niemieckie Nazwy Polskich Miast

Kliknij tutaj aby rozwiązać quiz!

Ogólne statystyki

  • Ten quiz został rozwiązany 624 razy
  • Średni wynik to 8 z 15

Statystyki odpowiedzi

Po NiemieckuPo Polsku% Poprawnych
DanzigGdańsk
89%
StettinSzczecin
87%
PosenPoznań
84%
BreslauWrocław
84%
GdingenGdynia
80%
ThornToruń
61%
SwinemündeŚwinoujście
59%
GrünbergZielona Góra
52%
TschenstochauCzęstochowa
49%
BrombergBydgoszcz
46%
AllensteinOlsztyn
40%
WaldenburgWałbrzych
31%
HirschbergJelenia Góra
26%
HindenburgZabrze
15%
KönigshütteChorzów
14%

Rozkład punktacji

Percentyl według liczby udzielonych odpowiedzi

Procent ludzi z każdym wynikiem

Twoja historia wyników

Nie rozwiązałeś tego quizu